Cartilla Impuestos Distritales Bogot ̀2022

Detalles Bibliográficos
Autor principal: Parra Ortiz, Harold Ferney
Formato: eBook
Lenguaje:español
Publicado: Bogot:̀ Grupo Editorial Nueva Legislacin̤, 2022
Materias:
Acceso en línea:Acceso restringido

MARC

LEADER 00000nam a22000007a 4500
005 20220712220914.0
007 cr|||| ||||
008 220712s2022 co |||||s|||| 00||0 spa d
020 |a 978-958-52024-2-9 
035 |a 36699 
040 |a vLex 
090 |c 13546  |d 13546 
100 1 |a Parra Ortiz, Harold Ferney 
245 1 0 |a Cartilla Impuestos Distritales Bogot ̀2022  |h [Recurso electrn̤ico] /  |c Harold Ferney Parra Ortiz 
256 |a Servicio en ln̕ea 
260 |a Bogot:̀  |b Grupo Editorial Nueva Legislacin̤,  |c 2022 
300 |a 1 recurso electrn̤ico 
500 |a La cartilla de impuestos Distritales del aǫ 2022, resulta muy t︢il a los Contadores Pb︢licos, Administradores, Gerentes y en general a todos los interesados en los temas tributarios del orden Distrital, ya que contiene respuestas elaboradas de manera sencilla y prc̀tica a muchas de las consultas y cuestionamientos que a diario poseen quienes se ocupan de estos temas tributarios en las empresas. Las respuestas a las preguntas se basan no solo en la amplia experiencia y conocimientos del autor, sino que adicionalmente se soporta tanto en la doctrina propia de la Administracin̤ Tributaria Distrital, como en las sentencias expedidas sobre estos temas tributarios por parte del Consejo de Estado y la Corte Constitucional. De la misma forma se analizan las Implicaciones prc̀ticas del denominado Plan Marshall “Para la ‘Reactivacin̤ Econm̤ica y la Formalizacin̤ Empresarial en el Distrito Capital” aprobado por el Concejo Distrital. 
506 1 |a Disponible solo en los productos indicados  |d vLex Global  |d vLex Global (Academic Edition, excluding Law Schools)  |d vLex Global (U.S. Academic Edition, Law Schools)  |d vLex Global (U.S. Academic Edition, excluding Law Schools)  |d vLex Global (Academic Edition, Law Schools) 
650 0 4 |a Derecho Tributario  |z Colombia 
740 0 |a vLex Libros (Servicio en ln̕ea) 
856 4 0 |u https://app.vlex.com/#/sources/36699  |z Acceso restringido 
942 |c BOOK 
999 0 |a Tax Law